[Event "Lazne Bohdanec"]
[Site "Lazne Bohdanec"]
[Date "1996.??.??"]
[Round "7"]
[White "Neverov, Valeriy"]
[Black "Vokac, Marek"]
[Result "1-0"]
[WhiteElo "2515"]
[BlackElo "2455"]
[Annotator "Johnson,M"]
[PlyCount "103"]
[EventDate "1996.01.??"]
[EventType "tourn"]
[EventRounds "11"]
[EventCountry "CZE"]
[EventCategory "10"]
[SourceTitle "CBM 051"]
[Source "ChessBase"]
[SourceDate "1996.04.01"]
[SourceVersion "1"]
[SourceVersionDate "1996.04.01"]
[SourceQuality "1"]

1. d4 g6 2. c4 Bg7 3. Nf3 c5 4. d5 f5 5. g3 d6 6. Bg2 Nf6 7. O-O O-O 8. Nc3 Na6
9. Rb1 Bd7 10. b3 Rb8 (10... Qe8 11. Bb2 Nc7 {/\ ...b5}) (10... Nc7 11. a4 a6
12. b4 cxb4 13. Rxb4 Rb8 14. Qb3 Ne4 15. Nxe4 fxe4 16. Ng5 a5 17. Rb6 Na6 18.
Be3 Nc5 19. Bxc5 dxc5 20. Ne6 Bxe6 21. Rxe6 Rf6 22. Bxe4 Qc7 23. f4 Qd7 24. Bf3
Rxe6 25. dxe6 Qd4+ 26. Kg2 $16 {Petrosian,T-Matulovic,M/Sarajevo 1972 1-0(40)})
11. Bb2 h6 12. Re1 Qe8 13. a3 g5 (13... Nc7 14. e4 fxe4 15. Nd2 b5 16. Ncxe4
Nxe4 17. Nxe4 Bxb2 18. Rxb2 Qf7) 14. e4 fxe4 15. Nd2 Ng4 (15... Qf7 16. Ncxe4
Nxe4 17. Nxe4 Bf5 18. Kh1 Bxe4 19. Rxe4 Qxf2 20. Bxg7 Kxg7) 16. Ncxe4 Bxb2 17.
Rxb2 Ne5 18. Re3 Qg6 (18... b5) 19. Nf3 Ng4 (19... Nxf3+ 20. Bxf3 b5 $132) 20.
Re1 Rf7 21. h3 Nf6 22. Nxf6+ Qxf6 23. Rbe2 Nc7 (23... g4 $5 24. hxg4 Bxg4) 24.
h4 b5 25. hxg5 hxg5 26. Qd2 Rg7 27. Qa5 Rb7 28. Nd2 bxc4 29. bxc4 Bg4 30. Re3
Rf7 (30... Rh7 $5) 31. Bf3 Bf5 32. Be4 Bxe4 33. Nxe4 Qf5 34. g4 $6 Qf4 $6 (
34... Qxg4+ 35. Rg3 $16 Qh4 36. Nxg5 Rg7 37. Ne4 e5 $1 $10) 35. Qc3 $1 $14 Ne8
36. Rh3 Nf6 (36... Rh7 $14) 37. f3 Rg7 $4 (37... Rh7 38. Rxh7 Nxh7 $14) 38.
Nxf6+ exf6 (38... Qxf6 39. Qxf6 exf6 40. Re6 $16) 39. Re4 Rb1+ 40. Kg2 Rgb7 41.
Rxf4 R7b2+ 42. Qxb2 Rxb2+ 43. Kg3 gxf4+ 44. Kxf4 Rb3 45. Kf5 Rxa3 46. Ke6 Ra6
47. f4 Kg7 48. f5 Rb6 49. g5 fxg5 50. f6+ Kg6 51. Rh8 Rb1 52. Rg8+ 1-0

[Event "Linares zt"]
[Site "Linares"]
[Date "1995.??.??"]
[Round "5"]
[White "Kelly, Brian"]
[Black "Santo Roman, Marc"]
[Result "1/2-1/2"]
[WhiteElo "2300"]
[BlackElo "2485"]
[Annotator "Johnson,M"]
[PlyCount "54"]
[EventDate "1995.11.??"]
[EventType "swiss"]
[EventRounds "11"]
[EventCountry "ESP"]
[SourceTitle "CBM 051"]
[Source "ChessBase"]
[SourceDate "1996.04.01"]
[SourceVersion "1"]
[SourceVersionDate "1996.04.01"]
[SourceQuality "1"]

1. d4 f5 2. Nf3 Nf6 3. g3 g6 4. Bg2 Bg7 5. O-O O-O 6. c4 d6 7. Nc3 Qe8 8. d5 a5
9. Be3 Na6 (9... h6 10. h4 (10. Qd2) 10... Na6 11. Qd2 Kh7 12. Rae1 e5 (12...
c5 13. Bf4 {/\ e4}) (12... Bd7 13. Bd4 c5 14. Bxf6 Bxf6 15. e4) (12... Nc5 13.
Bxc5 dxc5 14. e4) (12... Qf7 13. Bd4 e5 14. dxe6 Bxe6 15. b3 Nc5 16. Bxc5 dxc5
17. Ne5 {Bareev}) 13. dxe6 Bxe6 14. Nd4 Bxc4 15. Bxb7 Rb8 16. Bc6 Qc8 17. Bf3
Nb4 18. a3 Nbd5 19. Nxd5 Bxd5 20. Nc6 $2 f4 $1 21. Ne7 fxe3 22. Qxe3 Qb7 23.
Nxd5 Nxd5 24. Qd3 c6 25. h5 Kh8 26. Qxg6 Rf6 27. Qd3 Nb6 28. b4 axb4 29. axb4
Nd7 30. Qc2 d5 {Yusupov,A-Bareev,E/Munich 1993 0-1(50)}) (9... Bd7 10. Qd2 Na6
11. Bh6 Nc5 12. Bxg7 Kxg7 13. Nd4 e5 14. dxe6 Bxe6 15. Ncb5 Rf7 16. Rac1 Bc8
17. e3 Nfe4 18. Qe2 b6 19. Rfd1 Bb7 20. b3 Kg8 21. Qb2 Qe5 22. a3 Ne6 23. f3
N4c5 24. Qd2 Qf6 25. b4 axb4 26. axb4 Nxd4 27. Nxd4 Ne6 28. Nb5 Ng5 29. Kf2 Re7
30. Rc2 Rae8 31. Qd4 Qg7 32. Rd3 Qh6 $1 33. h4 Ne6 34. Qa1 f4 $1 35. exf4 Nxf4
36. Rdd2 Nh3+ 37. Bxh3 Qe3+ 38. Kg2 Qxf3+ 39. Kh2 Re2+ 40. Rxe2 Rxe2+ 41. Rxe2
Qxe2+ 42. Kg1 $19 {Donnelly,M-Anderton,D/Corr MCCU chT 1993 0-1(57)}) 10. Qd2
Ng4 11. Bf4 Nc5 12. Nd4 h6 13. h3 Ne5 14. Ncb5 Qd8 15. Bxh6 Nxc4 16. Qc1 Ne5
17. Bxg7 Kxg7 18. Nc3 Rf6 19. b3 Nf7 20. Nf3 e5 21. dxe6 Rxe6 22. h4 c6 23. Qf4
Qf6 24. Rac1 Bd7 25. Rfd1 Rae8 26. Rc2 (26. Nd4) 26... Bc8 27. Nd2 Ne5 1/2-1/2

[Event "Giessen op"]
[Site "Giessen"]
[Date "1993.06.12"]
[Round "5"]
[White "Bagirov, Vladimir"]
[Black "Kalinitschew, Sergey"]
[Result "1/2-1/2"]
[WhiteElo "2530"]
[BlackElo "2480"]
[Annotator "Kalinitschew,S"]
[PlyCount "41"]
[EventDate "1993.??.??"]
[EventType "swiss"]
[EventRounds "7"]
[EventCountry "GER"]
[SourceTitle "GER"]
[Source "ChessBase"]
[SourceDate "1999.07.01"]
[SourceVersion "1"]
[SourceVersionDate "1999.07.01"]
[SourceQuality "1"]

1. Nf3 f5 2. d4 Nf6 3. g3 g6 4. Bg2 Bg7 5. b3 O-O 6. Bb2 d6 7. O-O Qe8 8. c4
Nc6 9. d5 Nd8 10. Nc3 e5 $146 11. dxe6 Nxe6 12. Qc2 (12. e3) 12... f4 13. Nd5
fxg3 14. hxg3 c6 $6 15. Nxf6+ Bxf6 16. Rad1 Qe7 17. Qd2 $6 Bxb2 18. Qxb2 Nc5
19. Rd4 Bf5 20. Qd2 (20. Nh4 Be4 21. f3 g5 $1) 20... Rae8 $1 21. Re1 {1.26-0.52
} (21. Re1 Be4 22. b4 Bxf3 23. Bxf3 Rxf3 24. bxc5 dxc5 25. Rd7 Qe5 26. Rxb7
Rxg3+ $11) 1/2-1/2

[Event "RUS-Cup2"]
[Site "Moscow"]
[Date "1996.??.??"]
[Round "6"]
[White "Mitenkov, Alexey"]
[Black "Rychagov, Andrey"]
[Result "0-1"]
[WhiteElo "2470"]
[BlackElo "2375"]
[Annotator "Kharitonov,A"]
[PlyCount "80"]
[EventDate "1996.11.28"]
[EventType "swiss"]
[EventRounds "9"]
[EventCountry "RUS"]
[SourceTitle "CBM 056 Extra"]
[Source "ChessBase"]
[SourceDate "1997.03.01"]
[SourceVersion "1"]
[SourceVersionDate "1997.03.01"]
[SourceQuality "1"]

1. Nf3 f5 2. g3 Nf6 3. Bg2 g6 4. c4 Bg7 5. Nc3 O-O 6. O-O d6 7. d4 Qe8 8. d5 a5
(8... Na6 9. Rb1 Bd7 10. b4 c6 11. Qb3 $5 cxd5 12. cxd5 Rc8 13. Be3 Ng4 14. Bd4
Bxd4 15. Nxd4 $14 {Adianto,U-Kindermann,S/Biel/1995/1:0/39/}) (8... c5 $6 9.
Qc2 Na6 10. Bd2 h6 11. a3 Qf7 12. Rad1 Bd7 13. Qc1 Kh7 14. Qb1 $14 {Hodgson,
Y-Conguest,S/Hastings/1995/0:1/50/}) 9. Nd4 (9. Ne1 Na6 10. Nd3 e5 (10... Bd7
11. Re1 Qf7 12. Nf4 Rab8 13. Be3 h6 14. Ba7 Rbe8 15. Bd4 b6 16. e4 $14 {
Oll,L-Topalov,V/Groningen/1993/1:0/51/}) 11. dxe6 Qxe6 12. b3 Ne4 13. Nxe4 fxe4
14. Nf4 Qf5 15. Rb1 $14 {Tukmakov,V-Gurevich,M/Groningen/1993/1:0/40/}) 9...
Na6 10. b3 {N/} (10. e4 fxe4 11. Nxe4 Nxe4 12. Bxe4 Bh3 13. Re1 Nc5 14. Bh1 Qf7
15. Be3 Rae8 16. Qd2 b6 17. b3 Kh8 18. Rac1 $14 {Akopian,V-Vyzmanavin,A/
Novosibirsk/1993/1:0/61/}) 10... Bd7 11. Bb2 $6 (11. Rb1 $5 h6 $13 {/\g5})
11... g5 12. e3 Qg6 $13 13. f4 $2 (13. Qe2 $5 Nc5 14. Rad1 $13 a4 15. b4 a3 16.
Ba1) 13... Nc5 14. Qe2 a4 $5 15. Rab1 (15. b4 a3 16. Bc1 Nce4 17. Nxe4 Nxe4 18.
Qd3 c6 $1 $15) 15... axb3 16. axb3 Ng4 $5 17. h3 $2 (17. Nd1 {/\Nf2} gxf4 18.
exf4 $2 Ra2) (17. Rbd1 $5 gxf4 18. exf4 Bxd4+ 19. Rxd4 Nxb3 20. Rdd1 $44) 17...
Nf6 18. Qc2 gxf4 19. gxf4 Kh8 $17 20. Kh2 (20. Nde2 Rg8 $17) (20. Kh1 Rg8 $17)
20... Qh6 $1 21. Rbe1 (21. Nxf5 $2 Ng4+ $19) 21... Nfe4 $1 (21... Ng4+ 22. Kh1
Nxe3 $2 23. Rxe3 Bxd4 24. Rxe7 $13) 22. Nxe4 fxe4 {/\23...Nd3 24.Re2 Ra2} 23.
Ra1 Bf6 24. Ne2 (24. Rxa8 Rxa8 25. Ra1 Rg8 $17) 24... Rxa1 25. Rxa1 Rg8 {
/\26...Rg2 27.Kg2 Qh3 (27...Qg7? 28.Kh2 Bb2 29.Ra8+-) 28.Kg1 Qe3-+} 26. Bxf6+
exf6 27. Rg1 Qh4 (27... Rxg2+ $6 28. Rxg2 (28. Kxg2 $2 Qxh3+ 29. Kf2 Nd3+ $19)
28... Qxh3+ 29. Kg1 Qxe3+ 30. Kh2 $13) 28. Qc3 Nd3 $19 {/\Nf2; /\29...Rg2 30.
Rg2 Bh3-+} 29. Bf1 Qf2+ 30. Kh1 (30. Bg2 Rg3 $19) (30. Rg2 Rxg2+ 31. Bxg2 Kg7
32. Qd2 Ne1 $19) 30... Rxg1+ 31. Nxg1 Kg7 32. Bxd3 Qxe3 33. Qa5 exd3 34. Qxc7
Qe4+ 35. Kh2 Qxf4+ 36. Kg2 d2 $1 37. Qxd7+ Kh6 38. Qe8 Qg5+ 39. Kf2 d1=Q 40.
Nf3 Qc2+ 0-1

[Event "Budapest FS06 GM"]
[Site "Budapest"]
[Date "1995.??.??"]
[Round "3"]
[White "Lukacs, Peter"]
[Black "Dao, Thien Hai"]
[Result "1/2-1/2"]
[WhiteElo "2490"]
[BlackElo "2480"]
[Annotator "King,D"]
[PlyCount "51"]
[EventDate "1995.06.??"]
[EventType "tourn"]
[EventRounds "11"]
[EventCountry "HUN"]
[EventCategory "9"]
[SourceTitle "CBM 049"]
[Source "ChessBase"]
[SourceDate "1995.12.01"]
[SourceVersion "1"]
[SourceVersionDate "1995.12.01"]
[SourceQuality "1"]

1. d4 f5 2. g3 Nf6 3. Bg2 g6 4. c4 Bg7 5. Nc3 O-O 6. Nf3 d6 7. O-O Qe8 8. d5
Na6 9. Rb1 Bd7 10. b4 c6 11. dxc6 Bxc6 12. b5 Bxf3 13. Bxf3 Nc5 14. Be3 Rc8 15.
Bxc5 Rxc5 16. Bxb7 Rxc4 17. Qd3 Rc5 18. Na4 Rc7 19. Bc6 Qf7 20. Nc3 Rd8 21. Nd5
Nxd5 22. Bxd5 e6 23. Bc6 Qf6 24. a4 d5 25. Rfc1 f4 26. g4 {White should have
played this position on; the threat is of course a5 etc.} (26. a5 fxg3 27. hxg3
Rf8 28. f3 Qg5 {...and Black has found counterplay.}) 1/2-1/2

[Event "Olympiad-31"]
[Site "Moscow"]
[Date "1994.12.10"]
[Round "9.2"]
[White "Kramnik, Vladimir"]
[Black "Malaniuk, Vladimir P"]
[Result "1-0"]
[WhiteElo "2725"]
[BlackElo "2610"]
[Annotator "Kramnik,V"]
[PlyCount "81"]
[EventDate "1994.12.01"]
[EventType "team-swiss"]
[EventRounds "14"]
[EventCountry "RUS"]
[SourceTitle "CBM 045"]
[Source "ChessBase"]
[SourceDate "1995.04.01"]
[SourceVersion "1"]
[SourceVersionDate "1995.04.01"]
[SourceQuality "1"]
[WhiteTeam "Russia"]
[BlackTeam "Ukraine"]
[WhiteTeamCountry "RUS"]
[BlackTeamCountry "UKR"]

1. Nf3 {Ftacnik Notkin Speelman Fritz3} f5 2. g3 Nf6 3. Bg2 d6 4. d4 g6 5. O-O
Bg7 6. c4 O-O 7. Nc3 Qe8 8. d5 Na6 9. Rb1 Bd7 10. b4 c5 11. dxc6 Bxc6 {An idea
of Gurevich,M} (11... bxc6 $142 {Is the normal move}) 12. Qb3 (12. b5 Bxf3 13.
Bxf3 $6 (13. exf3 $142 $14 {Gurevich,M}) 13... Nc5 14. Be3 Rc8 15. Bxc5 (15.
Na4 $6 {Notkin} Nce4 16. Qb3 Qf7 17. b6 a6 18. Rfc1 Rc6 $15 {Hertneck,G-Lutz,C/
Baden Baden/1992/1/2-1/2/57/}) 15... Rxc5 16. Bxb7 Rxc4 17. Bc6 Qf7 18. Rb3 Rc8
19. a4 Rd8 20. a5 d5 21. a6 e6 22. Bb7 Ne8 23. Na2 Nd6 24. Nb4 Qc7 25. Nc6 Re8
26. Nxa7 Nxb7 27. axb7 Qxb7 28. Nc6 Qb6 $17 {Gelfand,B-Gurevich,M Linares 1991.
}) 12... Ne4 (12... Kh8 $5 {Notkin} 13. Bb2 e5 14. e3 Rd8 15. a4 b6 16. Ba3 Ba8
$14 {Annakov,B-Reinderman,D/Buenos Aires/1993/0:1/43/} (16... Ba8 {Ftacnik} 17.
Rbd1 h6 18. Nb5 e4 19. Nfd4 Qe7 20. h3 h5 21. Ne2 Kh7 22. Rd2 $14 {Annakov,
B-Reinderman,D/WchJ-Buenos Aires/1992/0-1 (43)})) (12... h6 {Ftacnik} 13. c5+
Kh7 14. cxd6 exd6 15. Bb2 Qe7 16. e3 Rac8 17. Rfd1 Rfd8 18. Nd4 Bxg2 19. Kxg2
Nc7 20. Rbc1 Ng4 21. h3 Ne5 22. Nd5 $14 {Lukacs,P-Dao Thien Hai/Budapest FS
JulGM (07)/1994/0.5 (37)}) 13. Bb2 Nxc3 $6 (13... Rc8 $142 {Ftacnik} 14. Nxe4
Bxe4 15. Bxg7 Kxg7 16. Rbc1 Rf6 {Lukacs,P-Beim,V/Budapest FS AprGM (06)/1994/0.
5 (16)}) 14. Bxc3 Bxc3 15. c5+ $5 {Born for 'creativity'.} (15. Qxc3 $5 {
With a small, but lasting advantage.} Rc8 $1 16. Rbc1 Rf6 17. a3 Kg7 18. Rfe1
Nb8 19. c5 Be4 20. Qe3 dxc5 21. Rxc5 Rxc5 22. Qxc5 a6 23. Ne5 Bxg2 24. Kxg2 Nd7
25. Qc3 Nxe5 26. Qxe5 Qc6+ 27. Kg1 Qd6 28. Qxd6 {Illescas Cordoba,M-Topalov,V/
Leon (3)/1993/1/2-1/2/}) 15... e6 (15... d5 $2 16. Qxc3 {Xe5, Xd4}) (15... Qf7
16. Qxc3 Bb5 (16... Qxa2 {Ftacnik} 17. Ra1 Qf7 18. Ng5 Qe8 19. Qb3+ $16) 17. a4
Bxa4 18. Ng5 Qg7 19. Qxg7+ Kxg7 20. Bxb7 $18) (15... Rf7 {Notkin} 16. Qxc3 dxc5
(16... Be4 17. Ng5) 17. Ne5) 16. Qxc3 dxc5 $1 (16... Rd8 {Notkin} 17. cxd6 Rxd6
18. b5 Bxb5 19. Nd4 Bc6 20. Nxc6 bxc6 21. Rb7 Rf7 22. Rfb1 $16) 17. b5 $1 {
A purely intuitive sacrifice.} (17. bxc5 Rc8 $1 $15 {Xc5} (17... Be4 $1 {
Ftacnik} 18. Rbc1 Rc8 $13)) 17... Bxb5 18. Ne5 Rb8 (18... Bc6 $6 19. Bxc6 bxc6
20. Rb7 $1 $18 (20. Qc4 $16 {Notkin})) (18... Bxe2 {Ftacnik} 19. Rfe1 Bb5 20.
Bxb7 Rb8 21. Bxa6 Bxa6 22. Rxb8 Qxb8 23. Nd7 $16) 19. Rfe1 b6 {Speelman: Even
though Black has an extra two pawns, he is under severe pressure in this
position. White's dark square domination, the bad knight on a6 and the vital
e4 break are clear compensation.} (19... Bc6 {Notkin} 20. Bxc6 bxc6 21. Qc4 Qc8
(21... Rb5 {Ftacnik} 22. a4 Rxb1 23. Rxb1 Qc8 24. Rd1 $44) 22. Rxb8 Nxb8 23. e4
$16) 20. e4 Nc7 (20... fxe4 21. Ng4 $1 e5 22. Rxe4 $16) (20... f4 21. Ng4 e5 (
21... h5 {Ftacnik} 22. Nf6+ Rxf6 23. Qxf6 $16) 22. Nxe5 {/\Ng4 and Nh6+.}) (
20... Rd8 $5) (20... Ba4 $5) (20... Nb4 $1 {!? Notkin} 21. exf5 (21. a3 Nc6 22.
Rxb5 Nxe5 23. Qxe5 Qxb5 24. Qxe6+ Rf7 25. exf5 Qd7 $1) 21... gxf5 22. a3 (22.
Qd2 Qd8 $1) 22... Nd5 (22... Nc6 23. Rxb5 Nxe5 24. Qxe5 Qxb5 25. Qxe6+ Rf7 (
25... Kg7 26. Qe5+ Kg6 27. Qd6+ $18) 26. Bd5 Rbf8 27. Qxf5 Kg7 (27... Qb2 28.
Bxf7+ Rxf7 29. Re8+ Kg7 30. Qg5#) 28. Qg5+ Kh8 29. Bxf7 Rxf7 30. Qd8+ Kg7 31.
Re8 $18) 23. Qd2 $142 $1 (23. Bxd5 {Speelman} exd5 24. Qd2 Bc6 $5 (24... Rd8
25. Qg5+ Kh8 26. Rxb5 Qxb5 27. Nf7+ Rxf7 28. Qxd8+ Kg7 29. Re8 h6 30. Rg8+ Kh7
31. Rh8+ Kg7 32. Qg8+ Kf6 33. Rxh6+ Ke7 34. Qg6 $40) 25. Qg5+ Kh8 26. Qh6 $44)
23... Nf6 24. Qg5+ (24. Rbd1 $5) 24... Kh8 25. Qh6 Ba4 {><d1} 26. Rbc1 {
/\Rc1-c4-h4} Qh5 27. Qf4 $36) 21. exf5 gxf5 (21... exf5 {Ftacnik} 22. Ng4 fxg4
23. Rxe8 Bxe8 24. Qe5 Rf7 25. Bd5 $16) 22. Qe3 {Now it is hard for Black to an
active move, his pieces are disorganized..} a6 $6 (22... Qh5 23. Bf3 $1) (22...
Kh8 $142 23. Qh6 Ba4 (23... Rg8 24. Rxb5 Qxb5 (24... Nxb5 25. Bc6 $18) 25. Nf7#
) 24. Bf3 {/\ Bh5 and Ng6+ ->}) (22... Nd5 {Notkin} 23. Bxd5 exd5 24. Qg5+ Kh8
25. Nf3 Be2 26. Qd2 $16) (22... Qe7 23. Bc6 $1 f4 {Speelman} (23... Ba6 24. Nd7
$18) (23... a6 24. Bxb5 axb5 25. Nc6 $18) 24. Qf3 Bxc6 25. Nxc6 Qg5 26. Nxb8
fxg3 27. Qxg3 Qxg3+ 28. hxg3 Rxb8 29. Rbd1 $16) (22... Ba4 $142 {Probably the
best defence, covering the square d1.} 23. Rbc1 $36 {This move I like best.
The idea is tocontinue with Rc1-c4-h4. Other interesting active ideas are 23.
h4!?. 23.Qf4!? and 23.Bf3.} Qe7 $6 24. Bc6 $1) 23. Qg5+ Kh8 24. Rbd1 Rg8 (24...
Nd5 25. Rxd5 $5 exd5 26. Bxd5 Rc8 {Notkin} (26... Rd8 27. Nf7+ $18) (26... Qd8
27. Ng6+ Kg7 28. Re7+ $18) (26... c4 27. h4 {/\h5,Ng6/}) 27. Nf7+ Qxf7 28. Bxf7
Rxf7 29. Re7 $16) (24... Rd8 $2 {Ftacnik} 25. Rxd8 Qxd8 26. Nf7+ $18) (24...
Rc8 {Ftacnik} 25. Rd6 $16) 25. Qf4 $1 (25. Qf6+ {Ftacnik} Rg7 26. Rd6 Qe7)
25... Qe7 (25... Rg7 $142 26. Rd6 $36) 26. Bc6 $1 {Prosaic} (26. Rd6 $5 {
More beautiful} Qxd6 $2 27. Nf7+ $18) 26... Rg4 $2 {Looses by force.} (26...
Rbf8 {Ftacnik} 27. Rd7 $18) (26... Rbd8 27. Rxd8 (27. Bxb5 {Speelman} Rxd1 (
27... axb5 28. Nc6 Rxd1 29. Nxe7 Rxe1+ 30. Kg2 $18) 28. Rxd1 Nxb5 29. Rd7 Qf6
30. Nf7+ Kg7 31. Nh6+ $16) 27... Rxd8 28. Bxb5 {/\Nc6/} axb5 29. Nc6 Qd7 30.
Nxd8 Qxd8 $18) 27. Nxg4 Bxc6 28. Rd6 $1 (28. Ne5 Bd5 {Speelman: And Black has
some compensation thanks to the d5 square.}) 28... Be8 (28... Bd5 $2 29. Rxd5
Nxd5 30. Qxb8+ $18) (28... fxg4 {Ftacnik} 29. Rxc6 Rb7 30. Qxg4 $18) 29. Nh6 $6
$18 (29. Qxf5 $5) (29. Rdxe6 $142 $1 {I saw this variation, but I thought the
text move would win more directly.} Nxe6 30. Qe5+ $1 $18 (30. Qxb8 fxg4 31.
Qe5+ $18) 30... Qg7 31. Qxb8 Nc7 32. Rxe8+ Nxe8 33. Qxe8+ $18) 29... Rc8 $1 {
Prolonging resistance.} (29... Qg7 {Ftacnik} 30. Rdxe6 Nxe6 31. Qxb8 $18) 30.
Rxb6 (30. Rdxe6 $142 $1 {Fritz3} Nxe6 31. Qe5+ Qg7 32. Qxe6 Bd7 33. Nf7+ Kg8
34. Qxd7 $18) 30... Qg7 31. Rb7 Bc6 32. Ra7 Nd5 (32... Be4 {Ftacnik} 33. Qe5
Qxe5 34. Nf7+ Kg8 35. Nxe5 $18) (32... Bd5 {Fritz3} 33. Rc1 c4 34. Qe5 Qxe5 35.
Nf7+ Kg8 36. Nxe5 $18) 33. Qe5 (33. Rxg7 {Ftacnik} Nxf4 34. Re7 Nh3+ 35. Kf1
Bb5+ 36. Kg2 Ng5 $16) 33... Qxe5 34. Nf7+ Kg8 35. Nxe5 Bb5 (35... Nc3 $5 {
Fritz3} 36. Nxc6 (36. Rxa6 Ne2+ 37. Rxe2 Bb5 38. Rxe6 Bxe2 $18) 36... Rxc6 37.
Re7 $18) 36. a4 Bxa4 37. Rxa6 Bb5 (37... Bb3 38. Rxe6 c4 39. Nc6 $18) 38. Rxe6
c4 39. Rd6 Nb4 40. Rb6 Nc2 41. Rb1 $1 (41. Rb1 {Ftacnik} Na3 42. R1xb5 Nxb5 43.
Rxb5 c3 44. Rb1 $18) 1-0

[Event "FRA-chT 9900"]
[Site "France"]
[Date "2000.04.02"]
[Round "7.1"]
[White "Lautier, Joel"]
[Black "Vaisser, Anatoli"]
[Result "1-0"]
[WhiteElo "2632"]
[BlackElo "2549"]
[Annotator "Lautier,J"]
[PlyCount "77"]
[EventDate "1999.02.04"]
[EventType "team"]
[EventRounds "11"]
[EventCountry "FRA"]
[SourceTitle "CBM 077"]
[Source "ChessBase"]
[SourceDate "2000.07.27"]
[SourceVersion "1"]
[SourceVersionDate "2000.07.27"]
[SourceQuality "1"]

1. Nf3 f5 2. g3 Nf6 3. Bg2 g6 4. d4 Bg7 5. c4 d6 6. b3 Nc6 7. Bb2 Ne4 8. O-O (
8. Nbd2 Nxd2 9. Qxd2 e5 10. dxe5 Nxe5 (10... dxe5 $6 11. Qxd8+ Kxd8 12. O-O-O+
(12. Ng5 Ke7 13. Bxc6 bxc6 14. f4 Bf6 15. Bxe5 Bxe5 16. fxe5 $14) 12... Ke7 (
12... Ke8 13. Nxe5 Nxe5 14. f4 $16 {/\ fe5, e4}) 13. Rd5 $36) 11. O-O-O Qe7 (
11... Nxf3 12. Bxf3 O-O 13. c5 Bxb2+ 14. Qxb2 Qe7 15. cxd6 cxd6 16. Qd4 $14)
12. c5 dxc5 13. Qe3 (13. Nxe5 Bxe5 14. Bxe5 Qxe5 15. Qd8+ Kf7 16. Qd5+ Qxd5 17.
Rxd5 $11) 13... Nxf3 14. Bxg7 (14. Qxe7+ Kxe7 15. Bxg7 Rg8 16. Bh6 Nd4 $11)
14... Qxe3+ 15. fxe3 Rg8 16. Bf6 Kf7 $11) 8... O-O 9. Nbd2 e6 $6 (9... Nxd2
$142 10. Qxd2 e5) 10. Nxe4 $1 fxe4 11. Ne1 d5 12. e3 $14 {/\ f3} Ne7 (12... Qg5
13. Qe2 Bd7 14. f3 $14) (12... a5 $5) 13. f3 exf3 14. Nxf3 Bd7 (14... Nf5 15.
Qe2 {/\ e4} (15. Qd3 c5 $5 $132) 15... Bh6 16. e4 (16. Bc1 Bg7 17. Ba3 $14)
16... Be3+ (16... Ne3 17. Bc1 dxe4 18. Bxe3 exf3 19. Rxf3 $16) 17. Kh1 dxe4 18.
Ne5 Bxd4 19. Rad1 c5 20. Bxd4 Nxd4 21. Qxe4 $36) 15. Qe2 {/\ e4} Bc6 16. Ba3
Qd7 17. Rad1 (17. Bh3 Rf7 18. Ne5 Rxf1+ 19. Rxf1 Bxe5 20. dxe5 Nf5 21. g4 Nh4
22. Qf2 g5 23. Qf6 dxc4 24. bxc4 (24. Qxg5+ $6 Ng6 25. bxc4 Qd3 $132 {/\ Qe4})
24... Ng6 $14 (24... Qd3 $2 25. Qxe6+ Kh8 26. Qf6+ Kg8 27. Bc5 Qe4 28. e6 Qh1+
29. Kf2 Qxh2+ 30. Ke1 $18)) 17... Rad8 (17... Rf7 18. Ne5 Rxf1+ 19. Qxf1 Bxe5
20. dxe5 Rf8 21. Qd3 $36) 18. g4 {>< Ne7} dxc4 $5 (18... Rf7 $6 19. Ne5 $36)
19. bxc4 Bxf3 20. Bxf3 (20. Rxf3 $142 Rxf3 21. Qxf3 c6 (21... e5 22. d5 (22.
Qxb7 exd4 23. Qe4 $14) 22... Nc8 {/\ Qa4} 23. c5 Qa4 24. e4 $14) 22. Qe4 Nc8
$14 {/\ Nd6, /\ Nb6}) 20... c6 21. Bg2 e5 22. d5 cxd5 23. cxd5 Rxf1+ 24. Rxf1
Nc8 25. Qf3 (25. e4 $142 Nd6 26. g5 Rf8 27. h4 $36 {/\ Kh2, Bh3}) 25... Nd6 26.
Bxd6 Qxd6 27. Qf7+ Kh8 28. Qxb7 Qc5 29. Kh1 Rf8 (29... Qxe3 30. Qe7 (30. d6 $2
Qd4) 30... Qb6 $14) 30. Rd1 $5 Rd8 $2 $138 (30... Qxe3 $1 31. d6 Qe2 $1 32. Qd5
Qxg4 33. d7 Rd8 34. Rd3 $13) 31. d6 Qxe3 32. Qe7 Qb6 33. g5 $16 Rf8 34. d7 Qd8
35. Qd6 Rf7 36. Qe6 Rf8 37. Rc1 $18 Qxg5 38. Rc8 h5 39. Qf7 $1 $138 1-0

[Event "Olympiad-32"]
[Site "Yerevan"]
[Date "1996.09.30"]
[Round "13.2"]
[White "Portisch, Lajos"]
[Black "Illescas Cordoba, Miguel"]
[Result "1-0"]
[WhiteElo "2600"]
[BlackElo "2640"]
[Annotator "Lempert,I"]
[PlyCount "121"]
[EventDate "1996.09.15"]
[EventType "team-swiss"]
[EventRounds "14"]
[EventCountry "ARM"]
[SourceTitle "CBM 055"]
[Source "ChessBase"]
[SourceDate "1996.12.01"]
[SourceVersion "1"]
[SourceVersionDate "1996.12.01"]
[SourceQuality "1"]
[WhiteTeam "Hungary"]
[BlackTeam "Spain"]
[WhiteTeamCountry "HUN"]
[BlackTeamCountry "ESP"]

1. d4 f5 2. Nf3 Nf6 3. g3 g6 4. b3 Bg7 5. Bb2 O-O 6. Bg2 d6 7. O-O Na6 8. c4 c6
9. Qc2 Bd7 10. Nbd2 Kh8 $1 11. Rfe1 $5 (11. Rae1 b5 12. c5 $6 (12. Bc3) 12...
Nb4 13. Qb1 Nbd5 $132 {Obodchuk,A-Ryskin,A/Czenstohowa/1992/0:1/36/}) (11. Rad1
b5 12. a3 Nc7 13. Rfe1 a5 14. e4 a4 $1 $13 {Rotstein,A-Ryskin,A/Wisla/1992/})
11... b5 12. a3 bxc4 $2 (12... Nc7 $5 {/\a7-a5-a4/}) 13. bxc4 Rb8 14. Bc3 $14
Qc8 15. e3 Nc7 16. Rab1 Rxb1 17. Qxb1 Ne6 18. h4 Nd8 19. Rc1 Nf7 20. Qb2 Qc7
21. Rb1 Bc8 22. Ne1 $1 $16 g5 (22... e5 23. dxe5 dxe5 24. Nd3 $16) 23. Nef3 h6
24. hxg5 hxg5 25. d5 $1 cxd5 26. cxd5 Kg8 27. Nd4 Ne5 28. Nc6 Nfg4 29. Bxe5 $1
Nxe5 30. Qb8 Qxb8 31. Rxb8 Nxc6 32. dxc6 $18 Bc3 33. Nf3 Ba6 $2 (33... g4 34.
Nd4) 34. c7 Bc8 35. Nxg5 Ba5 36. Bd5+ (36. Bb7 Bxb7 37. Rxb7 Bb6 38. Ne6 $18)
36... Kg7 37. Be6 Kg6 38. Bxc8 $2 (38. f4 $18) 38... Bxc7 39. Bxf5+ Rxf5 40.
Rb7 Bb6 41. Ne4 d5 42. Nd2 Kf6 43. Kg2 Rg5 $6 (43... Rh5) 44. e4 d4 45. Nc4 Rb5
46. Rd7 Bc5 $2 47. Rd5 $18 e6 48. Rh5 d3 49. a4 Rb1 50. Rxc5 Rc1 51. e5+ Ke7
52. Rc7+ Kd8 53. Rc6 Ke7 54. Rd6 Rxc4 55. Rxd3 Rxa4 56. f4 a5 57. Kh3 Ra1 58.
Kg4 a4 59. Kg5 Rb1 60. Rd4 Rb3 61. g4 1-0

[Event "Capablanca Memorial Elite 47th"]
[Site "Havana"]
[Date "2012.05.12"]
[Round "8"]
[White "Laznicka, Viktor"]
[Black "Nepomniachtchi, Ian"]
[Result "0-1"]
[WhiteElo "2693"]
[BlackElo "2716"]
[Annotator "Let's Check"]
[PlyCount "78"]
[EventDate "2012.05.03"]
[EventType "tourn"]
[EventRounds "10"]
[EventCountry "CUB"]
[EventCategory "18"]
[SourceTitle "CBM 149"]
[Source "ChessBase"]
[SourceDate "2012.07.17"]
[SourceVersion "1"]
[SourceVersionDate "2012.07.17"]
[SourceQuality "1"]

1. d4 f5 2. g3 Nf6 3. Bg2 g6 4. b3 Bg7 5. Bb2 O-O 6. Nf3 d6 7. O-O c6 8. c4 Qc7
9. Nbd2 a5 10. Qc2 Na6 11. a3 Re8 12. Rfd1 e5 13. c5 e4 14. cxd6 Qxd6 15. Nc4
Qc7 16. Nfe5 Be6 17. f3 exf3 18. exf3 f4 19. Qd2 Nd5 20. Qxa5 b6 21. Qd2 b5 22.
Na5 Bxe5 23. dxe5 Ne3 24. Qc3 Nxd1 25. Rxd1 Qb6+ 26. Kh1 Nc5 27. Nxc6 Rac8 28.
Nd4 Na4 (28... Nxb3 29. Qe1 Nxd4 $19) 29. bxa4 $2 (29. Qd2 Nxb2 30. Qxb2 $17)
29... Rxc3 $19 30. Bxc3 bxa4 31. Nxe6 Qb3 32. Rc1 Qxa3 33. Bd2 Rxe6 34. Bxf4
Qb2 35. Bh3 Re7 36. Rc8+ Kg7 37. Bf1 Qb7 38. Rd8 a3 39. Bc4 Qb1+ 0-1